000 00935nam a2200265Ia 4500
003 OSt
005 20221005113201.0
006 a|||||r|||| 00| 0
007 ta
008 221004b |||||||| |||| 00| 0 pan d
020 _a9789384717476 (hbk)
_cINR 100.00
024 _a39140
037 _b234, 17/03/2018, National Book Shop
_cTextual
040 _aCRL
_cCRL
_bpan
041 _2pan
_apan
082 _aO153,3NDH6x, Q8
100 _aਧਾਲੀਵਾਲ, ਸਿਮਰਨ, ਂਚ.
245 0 _aਘੋਰਕੰਡੇ
260 _aਪੰਜਾਬ
_bਸਾਹਿਬਦੀਪ ਪ੍ਰਕਾFਨ ਭਾਰਤ
_c2018
300 _a95ਪ0
_ccm.
650 _a ਪੰਜਾਬੀ ਕਹਾਣੀ
650 _aਪੰਜਾਬੀ ਸਾਹਿਤ
942 _hO153,3NDH6x, Q8
_cTEXL
_2cc
999 _c1027328
_d1027328